Chosen aspects of income inequality in Slovakia

Enregistré dans:
Détails bibliographiques
Auteur principal: Veselková, Alexandra
Autres auteurs: Holková, Vieroslava
Format: Chapitre de livre
Langue:anglais
Sujets:
Tags: Ajouter un tag
Pas de tags, Soyez le premier à ajouter un tag!

MARC

LEADER 00000naa$a2200000$$$4500
001 0207828
005 20240502083519.7
041 0 |a eng 
044 |a UA 
245 1 0 |a Chosen aspects of income inequality in Slovakia  |c Alexandra Veselková, Vieroslava Holková 
610 2 0 |a príjmy 
610 2 0 |a domácnosti 
610 2 0 |a nerovnosť dôchodková 
610 2 0 |a indexy 
610 2 0 |a Slovensko 
610 2 0 |a Európska únia 
100 1 |a Veselková, Alexandra 
700 1 |a Holková, Vieroslava